<?xml version="1.0" encoding="UTF-8"?>
<record
    xmlns:xsi="http://www.w3.org/2001/XMLSchema-instance"
    xsi:schemaLocation="http://www.loc.gov/MARC21/slim http://www.loc.gov/standards/marcxml/schema/MARC21slim.xsd"
    xmlns="http://www.loc.gov/MARC21/slim">

  <leader>00717nam a22002057a 4500</leader>
  <controlfield tag="005">20111007102240.0</controlfield>
  <datafield tag="010" ind1=" " ind2=" ">
    <subfield code="a">G-001734</subfield>
  </datafield>
  <datafield tag="020" ind1=" " ind2=" ">
    <subfield code="c">199.90</subfield>
    <subfield code="a">8183321399</subfield>
  </datafield>
  <datafield tag="035" ind1="1" ind2="d">
    <subfield code="a">G-001674</subfield>
  </datafield>
  <datafield tag="037" ind1=" " ind2=" ">
    <subfield code="b">Gift </subfield>
  </datafield>
  <datafield tag="082" ind1=" " ind2=" ">
    <subfield code="a">S</subfield>
  </datafield>
  <datafield tag="100" ind1=" " ind2=" ">
    <subfield code="a">Bond, Ruskin </subfield>
    <subfield code="9">35269</subfield>
  </datafield>
  <datafield tag="245" ind1="E" ind2=" ">
    <subfield code="a">A bond with nature:</subfield>
    <subfield code="c">by Rusking Bond </subfield>
    <subfield code="b">nature omnibus /</subfield>
  </datafield>
  <datafield tag="260" ind1=" " ind2=" ">
    <subfield code="a">Delhi </subfield>
    <subfield code="b">Ratna Sagar </subfield>
    <subfield code="c">2007</subfield>
  </datafield>
  <datafield tag="270" ind1=" " ind2=" ">
    <subfield code="a">Virat Bhavan, Mukherjee Nagar Commerical Complex</subfield>
    <subfield code="b">Delhi </subfield>
    <subfield code="e">110009</subfield>
  </datafield>
  <datafield tag="300" ind1=" " ind2=" ">
    <subfield code="a">224p. </subfield>
    <subfield code="c">21cm(pbk)</subfield>
    <subfield code="b">ill. </subfield>
  </datafield>
  <datafield tag="942" ind1=" " ind2=" ">
    <subfield code="2">ddc</subfield>
    <subfield code="c">CH</subfield>
    <subfield code="h">S</subfield>
    <subfield code="m">BON</subfield>
  </datafield>
  <datafield tag="999" ind1=" " ind2=" ">
    <subfield code="c">57338</subfield>
    <subfield code="d">57338</subfield>
  </datafield>
  <datafield tag="952" ind1=" " ind2=" ">
    <subfield code="0">0</subfield>
    <subfield code="1">0</subfield>
    <subfield code="4">0</subfield>
    <subfield code="7">0</subfield>
    <subfield code="8">FIC</subfield>
    <subfield code="a">JP</subfield>
    <subfield code="b">JP</subfield>
    <subfield code="d">2011-10-07</subfield>
    <subfield code="e">gift</subfield>
    <subfield code="g">199.90</subfield>
    <subfield code="l">19</subfield>
    <subfield code="m">8</subfield>
    <subfield code="o">S BON</subfield>
    <subfield code="p">G-001734</subfield>
    <subfield code="r">2025-07-10 00:00:00</subfield>
    <subfield code="s">2025-06-14</subfield>
    <subfield code="t">1</subfield>
    <subfield code="v">199.90</subfield>
    <subfield code="w">2011-10-07</subfield>
    <subfield code="y">CH</subfield>
  </datafield>
</record>
